| 000 | 01339namaa22003251i 4500 | ||
|---|---|---|---|
| 003 | EG-GICUC | ||
| 005 | 20260101143153.0 | ||
| 008 | 260101s1956 iq ||||jr|||| 000 0 ara d | ||
| 040 |
_aEG-GiCUC _bara _cEG-GiCUC _dEG-GiCUC _erda |
||
| 082 | 0 | 4 |
_221 _a811.008 _bA659 |
| 092 | 0 | 4 |
_221 _a811.008 _bA659 |
| 099 | _a811.008 A659 | ||
| 100 | 1 |
_aعرجي، عبد الله بن عمر _d 694-738 _eمؤلف. |
|
| 245 | 1 |
_aديوان العرجى / _cرواية أبى الفتح الشيخ عثمان بن جنى ؛ شرحه وحققه خضر الطائى، رشيد العبيدى |
|
| 250 | _aالطبعة الاولى | ||
| 264 |
_aبغداد ( العراق) : _bالشركة الاسلامية للطباعة والنشر، _c1956 |
||
| 300 |
_a213، 5 صفحة _c24 سم |
||
| 336 |
_2rdacontent _atext |
||
| 337 |
_2rdamedia _aUnmediated |
||
| 338 |
_2rdacarrier _avolume |
||
| 504 | _aيشتمل على ارجاعات ببليوجرافية | ||
| 541 |
_aد. جابر عصفور ؛ _bالقاهرة ؛ _cإهداء ؛ _d2024. |
||
| 600 |
_aعرجي، عبد الله بن عمر _d 694-738 |
||
| 650 | 1 | 7 |
_aالشعر العربى _xدواوين وقصائد _2qrmak |
| 651 | 1 | _2qrmak | |
| 700 | 1 |
_aالطائى، خضر _eمحقق. |
|
| 700 | 1 |
_aالعبيدى، رشيد _eمحقق. |
|
| 905 | _aHuda | ||
| 942 |
_2ddc _cBK _e21 _n0 |
||
| 999 |
_c177288 _d177288 |
||